000 00846nam a2200265Ia 4500
005 20220316235722.0
008 121119s2002 mx a gr 001 0 spa
020 _a9706861033
041 1 _aspa
082 0 4 _a530.10711
_bR22F1
245 0 0 _aFísica universitaria, 1
_cRonald Lane Reese ; traducción, Ricardo Rubio
250 _aPrimera edición
300 _a704, 15, 27 páginas
_bilustraciones
_c27 cm
500 _aIncluye índice
504 _aIncluye bibliografía
650 1 4 _aFísica
_xEnseñanza
_2LEMB
650 1 4 _aFísica
_vProblemas, ejercicios, etc.
700 1 _aRubio, Ricardo
_etraductor
_933621
942 _2ddc
_cBK
264 _aMéxico
_bThomson
_c2002
336 _atexto
_btxt
_2rdacontent
337 _asin mediación
_bn
_2rdamedia
338 _avolumen
_bnc
_2rdacarrier
040 _aCO-BoRNBP
_bspa
_erda
_cCO-BoRNBP
999 _c1936
_d1936